| 000 | 01624nam a2200385Ia 4500 | ||
|---|---|---|---|
| 001 | ebr10282733 | ||
| 003 | CaPaEBR | ||
| 006 | m u | ||
| 007 | cr cn||||||||| | ||
| 008 | 011213s2002 paua sb 001 0 eng d | ||
| 010 | _z 2001050820 | ||
| 020 | _z9781566399678 | ||
| 020 | _z1566399688 (pbk. : alk. paper) | ||
| 020 | _z156639967X (cloth : alk. paper) | ||
| 040 |
_aCaPaEBR _cCaPaEBR |
||
| 035 | _a(OCoLC)320898250 | ||
| 050 | 1 | 4 |
_aHD9940.N72 _bF74 2002eb |
| 245 | 0 | 0 |
_aFree trade and uneven development _h[electronic resource] : _bthe North American apparel industry after NAFTA / _cedited by Gary Gereffi, David Spener, and Jennifer Bair. |
| 260 |
_aPhiladelphia : _bTemple University Press, _cc2002. |
||
| 300 |
_aix, 356 p. : _bill. |
||
| 504 | _aIncludes bibliographical references and index. | ||
| 533 |
_aElectronic reproduction. _bPalo Alto, Calif. : _cebrary, _d2013. _nAvailable via World Wide Web. _nAccess may be limited to ebrary affiliated libraries. |
||
| 610 | 1 | 0 |
_aCanada. _tTreaties, etc. _d(1992 Oct. 7) |
| 650 | 0 |
_aClothing trade _zNorth America. |
|
| 650 | 0 |
_aClothing trade _xGovernment policy _zNorth America. |
|
| 650 | 0 |
_aTextile industry _zNorth America. |
|
| 650 | 0 |
_aTextile industry _xGovernment policy _zNorth America. |
|
| 650 | 0 |
_aFree trade _zNorth America. |
|
| 655 | 7 |
_aElectronic books. _2local |
|
| 700 | 1 | _aGereffi, Gary. | |
| 700 | 1 |
_aSpener, David, _d1961- |
|
| 700 | 1 |
_aBair, Jennifer, _d1973- |
|
| 710 | 2 | _aebrary, Inc. | |
| 856 | 4 | 0 |
_uhttp://site.ebrary.com/lib/rucke/Doc?id=10282733 _zAn electronic book accessible through the World Wide Web; click to view |
| 999 |
_c18521 _d18521 |
||